Binary Logic Puzzle VII Quiz Stats

 Plays Quiz Updated May 25, 2018

Challenge
Share
Tweet
Score 0/12 Timer 03:00
1 Play Today
% Correct
???
88.1%
???
83.7%
???
82.8%
???
80.1%
???
79%
???
77%
???
75.8%
???
74%
???
73.5%
???
68.2%
???
63.8%
???
62.6%

You're not logged in!

Compare scores with friends on all Sporcle quizzes.
Join for Free
OR
Log In

You Might Also Like...

Show Comments

Extras

Top Quizzes Today


Score Distribution

Your Account Isn't Verified!

In order to create a playlist on Sporcle, you need to verify the email address you used during registration. Go to your Sporcle Settings to finish the process.

Report this User

Report this user for behavior that violates our Community Guidelines.

Details: